Französische Städte mit Emojis – Klicken - Statistiken

Allgemein
  • Dieses Quiz wurde 118 mal gespielt
  • Das Durchschnittsergebnis liegt bei 6 aus 15
Antwortstatistiken
Hint Antwort % Korrekt
🇫🇷🗼⚜️ Paris
86%
Ⓜ️🚕 Marseille
77%
🍷🐆🪞 Bordeaux
68%
🥨⛪️↗️ StrasBurg
60%
🦁✏️👨‍🍳 Lyon
56%
⬆️🌷⚜️ Lille
45%
🦅☀️↘️ Nizza
37%
🦎⚓️↖️ Le Havre
36%
🐘🔰🐥 Nantes
29%
🍾⛪️😇 Reims
26%
⚓️🏝️🇲🇶 Fort-de-France
24%
🏉↙️🪻 Toulouse
24%
🐊🌴🏟️ Nîmes
21%
🦄⬆️⛪️ Amiens
17%
⚜️🏰🦎 Blois
10%
Keine übereinstimmenden Quizze gefunden
Verteilung der Resultate
Anzahl Personen mit jedem Resultat
Perzentil nach korrekt beantworteten Fragen
Ihre Resultats-Entwicklung
Sie haben dieses Quiz noch nicht gespielt